000
00290nam a22001337a 4500
041
_a
ENG
100
_a
Nersesian .L.R
245
_a
Energy For The 21st Century
250
_a
Second Ed
260
_a
Delhi
_b
Yes Dee Pub
_c
2011
300
_a
400
650
_a
EOES
856
_u
EOES ( 11 )
999
_c
1131
_d
1131